[Event "Kalyan op 2nd"]
[Site "Kalyan"]
[Date "2019.02.02"]
[Round "8"]
[White "Pethe, Varad"]
[Black "Kshatriya, Nitin Vekhande"]
[Result "1/2-1/2"]
[WhiteElo "1359"]
[BlackElo "1544"]
[PlyCount "132"]
[EventDate "2019.01.29"]
[EventType "swiss"]
[EventRounds "10"]
[EventCountry "IND"]
[SourceTitle "CBM 188 Extra"]
[Source "ChessBase"]
[SourceDate "2019.02.26"]
[SourceVersion "1"]
[SourceVersionDate "2019.02.26"]
[SourceQuality "1"]

1. d4 Nf6 2. c4 e5 3. dxe5 Ng4 4. Nf3 Nc6 5. Bf4 Bb4+ 6. Nc3 Qe7 7. Qd5 f6 8. exf6 Bxc3+ 9. bxc3 Nxf6 10. Qd3 d6 11. e3 0-0 12. Be2 Ne4 13. 0-0 Bf5 14. Qd5+ Kh8 15. Rac1 Nc5 16. Nd4 Be4 17. Qg5 Qf7 18. Rfd1 Nxd4 19. cxd4 Ne6 20. Qg4 Nxf4 21. exf4 Qxf4 22. Qxf4 Rxf4 23. Bd3 Bxd3 24. Rxd3 Re8 25. g3 Rfe4 26. Rcd1 Re2 27. R3d2 Rxd2 28. Rxd2 Re1+ 29. Kg2 Kg8 30. Rb2 b6 31. c5 Rd1 32. cxb6 cxb6 33. Rb4 Rd2 34. a4 Kf7 35. Kf3 Ke6 36. Ke3 Ra2 37. h4 a5 38. Rxb6 Rxa4 39. Rb7 Kf6 40. Rd7 Ra1 41. Rxd6+ Kf7 42. Ra6 a4 43. d5 a3 44. Kf4 a2 45. f3 Rd1 46. Rxa2 Rxd5 47. Ra7+ Kf6 48. Ra6+ Kf7 49. Ke4 Rb5 50. Rd6 Ra5 51. Rd5 Ra1 52. Kf5 Ra6 53. Rd7+ Kg8 54. f4 h6 55. g4 Kh7 56. Re7 Rf6+ 57. Ke5 Ra6 58. g5 hxg5 59. hxg5 Ra5+ 60. Ke6 Kg6 61. f5+ Rxf5 62. Rxg7+ Kxg7 63. Kxf5 Kf7 64. g6+ Kg7 65. Kg5 Kg8 66. Kh6 Kh8 1/2-1/2